000
00316nam a2200121 a 4500
005
20141022142007.0
008
090305s19uu xx 00 eng d
050
_a
CD-ROM
_b
B56 1987
245
_a
Back Office Small Business Server.
650
_a
CD-ROM
650
_a
Back Office Small Business Server
942
_c
AVM
999
_c
276568
_d
276568